Personnalités franc-comtoises par images - Statistiques

Statistiques générales
  • Ce quiz a été pris 14 fois
  • Le résultat moyen est 7 sur 24
Statistiques - réponses
Par images Hint Réponse % Correct
Scientifique Louis Pasteur
93%
Inventeurs Auguste et Louis Lumière
86%
Auteur Victor Hugo
86%
Politicien Jean-Pierre Chevènement
57%
Sportif Thibaut Pinot
43%
Peintre Gustave Courbet
36%
Chanteur Hubert-Félix Thiéfaine
36%
Chanteur Lilian Renaud
36%
Philosophe Pierre-Joseph Proudhon
36%
Auteur Rouget de Lisle
36%
Président de la République Jules Grévy
29%
Maroquinier Louis Vuitton
29%
Réalisatrice Louise Courvoisier
21%
Acteur Tahar Rahim
21%
Sportif Pierre-Alain Frau
14%
Président de la FFF Jules Rimet
7%
Comédienne Laurence Sémonin (la Madeleine Proust)
7%
Actrice Maïwène Barthélémy
7%
Politicien Nicolas Perrenot de Granvelle
7%
Pape Calixte II
0%
Grand maître de l'ordre du Temple Jacques de Molay
0%
Militante féministe Jenny d'Héricourt
0%
Militaire Lacuzon
0%
Auteur Louis Pergaud
0%
Aucun quiz correspondant
Distribution des résultats
% des personnes avec chaque résultat
Percentile par nombre de réponses
Votre historique - résultats
Vous n’avez pas pris ce quiz